Kết quả nghiên cứu khoa học cây trồng và hệ thống canh tác

Gardado en:
Detalles Bibliográficos
Autor Principal: Trường Đại học Cần Thơ
Formato: Libro
Idioma:Undetermined
Publicado: Cần Thơ Trường Đại học Cần Thơ 1990
Những chủ đề:
Các nhãn: Engadir etiqueta
Sen Etiquetas, Sexa o primeiro en etiquetar este rexistro!
Thư viện lưu trữ: Trung tâm Học liệu Trường Đại học Cần Thơ
LEADER 00642nam a2200181Ia 4500
001 CTU_12221
008 210402s9999 xx 000 0 und d
082 |a 633 
082 |b Kh401 
100 |a Trường Đại học Cần Thơ 
245 0 |a Kết quả nghiên cứu khoa học cây trồng và hệ thống canh tác 
245 0 |c Trường Đại học Cần Thơ 
260 |a Cần Thơ 
260 |b Trường Đại học Cần Thơ 
260 |c 1990 
650 |a agriculture - research 
904 |i Nguyễn Quang Điền, 961010 
980 |a Trung tâm Học liệu Trường Đại học Cần Thơ